Gdzie leży polskie miasto na mapie? - quiz wielokrotnego wyboru - Statystyki

Ogólne statystyki
  • Ten quiz został rozwiązany 172 razy
  • Średni wynik to 5 z 10
Statystyki odpowiedzi
Zagadnienie Odpowiedź % Poprawnych
Gdzie leży Piotrków Trybunalski?
71%
Gdzie leży Sandomierz?
57%
Gdzie leży Jastrzębie-Zdrój?
56%
Gdzie leży Parczew?
49%
Gdzie leżą Chojnice?
47%
Gdzie leży Lesko?
46%
Gdzie leży Nowa Sól?
38%
Gdzie leży Przasnysz?
37%
Gdzie leży Kościan?
36%
Gdzie leży Olecko?
36%
Nie znaleziono quizów pasujących do podanych kryteriów
Rozkład punktacji
Procent ludzi z każdym wynikiem
Percentyl według liczby udzielonych odpowiedzi
Twoja historia wyników
Nie rozwiązałeś tego quizu